Introduction to enzyme technology / (Record no. 51432)

MARC details
000 -LEADER
fixed length control field 00694nam a2200253Ia 4500
005 - DATE AND TIME OF LATEST TRANSACTION
control field 20260429111923.0
008 - FIXED-LENGTH DATA ELEMENTS--GENERAL INFORMATION
fixed length control field 260429s9999||||xx |||||||||||||| ||und||
020 ## - INTERNATIONAL STANDARD BOOK NUMBER
International Standard Book Number 9783031429989
041 ## - LANGUAGE CODE
Language English
082 ## - DEWEY DECIMAL CLASSIFICATION NUMBER
Classification number 660.63
Item number JAE
100 ## - MAIN ENTRY--PERSONAL NAME
Personal name Jaeger, Karl-Erich
245 #0 - TITLE STATEMENT
Title Introduction to enzyme technology /
Statement of responsibility, etc Karl-Erich Jaeger
250 ## - EDITION STATEMENT
Edition statement 1st ed.
260 ## - PUBLICATION, DISTRIBUTION, ETC. (IMPRINT)
Place of publication, distribution, etc Switzerland :
Name of publisher, distributor, etc Springer,
Date of publication, distribution, etc 2024.
300 ## - PHYSICAL DESCRIPTION
Extent vi, 472 p.; pbk
440 ## - SERIES STATEMENT/ADDED ENTRY--TITLE
Title Learning Materials in Biosciences
650 ## - SUBJECT ADDED ENTRY--TOPICAL TERM
Topical term or geographic name as entry element Biochemistry
650 ## - SUBJECT ADDED ENTRY--TOPICAL TERM
Topical term or geographic name as entry element Biotechnology
650 ## - SUBJECT ADDED ENTRY--TOPICAL TERM
Topical term or geographic name as entry element Industrial biotechnology
650 ## - SUBJECT ADDED ENTRY--TOPICAL TERM
Topical term or geographic name as entry element Enzymes
700 ## - ADDED ENTRY--PERSONAL NAME
Personal name Liese, Andreas
700 ## - ADDED ENTRY--PERSONAL NAME
Personal name Syldatk, Christop
942 ## - ADDED ENTRY ELEMENTS (KOHA)
Koha item type Text Books
Holdings
Withdrawn status Lost status Damaged status Not for loan Collection code Home library Location Shelving location Date of Cataloging Source of acquisition Total Checkouts Full call number Barcode Date last seen Price effective from Koha item type
        Non-fiction CUTN Central Library CUTN Central Library Medicine, Technology & Management 29/04/2026 T R Publications, Chennai - Invoice No. TRPHO/2025/CRB/184 on 09-02-2026   660.63 JAE 56436 29/04/2026 29/04/2026 Text Books